[Event "9th Vellmar Chess Days"]
[Site "chess24.com"]
[Date "2017.07.14"]
[Round "2"]
[White "Boehm, Thomas"]
[Black "Maar, Samuel"]
[Result "1-0"]
[Board "11"]
[WhiteElo "2154"]
[WhiteCountry "GER"]
[WhiteFideId "4682807"]
[WhiteEloChange "5"]
[BlackElo "1952"]
[BlackCountry "GER"]
[BlackFideId "12952591"]
[BlackEloChange "-5"]

1. d4 {[%clk 1:28:50]} Nf6 {[%clk 1:30:54]} 2. Nf3 {[%clk 1:28:59]} g6 {[%clk
1:31:14]} 3. Nbd2 {[%clk 1:29:12]} Bg7 {[%clk 1:31:09]} 4. e4 {[%clk 1:29:12]} d6
{[%clk 1:28:13]} 5. Bd3 {[%clk 1:26:43]} O-O {[%clk 1:28:22]} 6. O-O {[%clk
1:26:55]} Nc6 {[%clk 1:25:34]} 7. c3 {[%clk 1:24:48]} e5 {[%clk 1:22:52]} 8. dxe5
{[%clk 1:24:15]} dxe5 {[%clk 1:21:10]} 9. Nc4 {[%clk 1:23:45]} Qe7 {[%clk
1:16:54]} 10. Qc2 {[%clk 1:20:41]} Rd8 {[%clk 1:09:56]} 11. b4 {[%clk 1:19:01]}
a6 {[%clk 1:05:12]} 12. a4 {[%clk 1:17:15]} Nh5 {[%clk 0:49:08]} 13. Bg5 {[%clk
0:58:18]} Bf6 {[%clk 0:44:16]} 14. Bxf6 {[%clk 0:47:26]} Qxf6 {[%clk 0:44:41]}
15. b5 {[%clk 0:47:10]} Bg4 {[%clk 0:33:36]} 16. Be2 {[%clk 0:38:44]} Bxf3 {[%clk
0:27:51]} 17. Bxf3 {[%clk 0:38:48]} Ne7 {[%clk 0:27:34]} 18. Bxh5 {[%clk
0:37:52]} gxh5 {[%clk 0:27:59]} 19. Rad1 {[%clk 0:36:20]} Ng6 {[%clk 0:26:27]}
20. Rxd8+ {[%clk 0:34:54]} Rxd8 {[%clk 0:26:36]} 21. Rd1 {[%clk 0:35:06]} Rc8
{[%clk 0:21:18]} 22. Qe2 {[%clk 0:30:14]} Nf4 {[%clk 0:19:12]} 23. Qf3 {[%clk
0:29:56]} Qe6 {[%clk 0:18:56]} 24. Ne3 {[%clk 0:29:23]} Kh8 {[%clk 0:15:26]} 25.
Nd5 {[%clk 0:25:06]} Ng6 {[%clk 0:08:40]} 26. Qf5 {[%clk 0:14:16]} Rg8 {[%clk
0:07:35]} 27. Qxe6 {[%clk 0:13:26]} fxe6 {[%clk 0:08:00]} 28. Nf6 {[%clk
0:13:42]} Ra8 {[%clk 0:06:24]} 29. Nxh5 {[%clk 0:13:48]} axb5 {[%clk 0:06:20]}
30. axb5 {[%clk 0:14:11]} Nf8 {[%clk 0:06:46]} 31. g3 {[%clk 0:12:33]} Kg8 {[%clk
0:06:59]} 32. Nf6+ {[%clk 0:12:19]} Kg7 {[%clk 0:06:26]} 33. Ng4 {[%clk 0:12:33]}
Ra3 {[%clk 0:03:39]} 34. c4 {[%clk 0:12:23]} h5 {[%clk 0:03:10]} 35. Nxe5 {[%clk
0:12:34]} Rc3 {[%clk 0:03:27]} 36. Rd3 {[%clk 0:10:07]} Rc1+ {[%clk 0:03:40]} 37.
Kg2 {[%clk 0:10:24]} Kf6 {[%clk 0:03:56]} 38. f4 {[%clk 0:09:14]} Rc2+ {[%clk
0:03:17]} 39. Kf3 {[%clk 0:08:07]} Rxh2 {[%clk 0:01:43]} 40. Nd7+ {[%clk
0:07:36]} Nxd7 {[%clk 0:01:04]} 41. Rxd7 {[%clk 0:07:57]} e5 {[%clk 0:29:28]} 42.
Rxc7 {[%clk 0:35:24]} Rc2 {[%clk 0:29:13]} 43. fxe5+ {[%clk 0:32:04]} Kxe5 {[%clk
0:29:36]} 44. Rc5+ {[%clk 0:32:22]} Kd4 {[%clk 0:29:18]} 45. Rxh5 {[%clk
0:32:30]} Kxc4 {[%clk 0:29:37]} 46. g4 {[%clk 0:32:26]} Rc1 {[%clk 0:28:36]} 47.
Rd5 {[%clk 0:32:25]} Rf1+ {[%clk 0:28:08]} 48. Ke3 {[%clk 0:32:39]} b6 {[%clk
0:26:59]} 49. g5 {[%clk 0:32:48]} Kb4 {[%clk 0:25:52]} 50. Kd4 {[%clk 0:31:59]}
Rg1 {[%clk 0:26:02]} 51. Rf5 {[%clk 0:29:51]} Rg3 {[%clk 0:25:11]} 52. Ke5 {[%clk
0:24:44]} Rg4 {[%clk 0:25:08]} 53. Kf6 {[%clk 0:21:33]} Rxe4 {[%clk 0:24:28]} 54.
g6 {[%clk 0:21:44]} Rc4 {[%clk 0:20:21]} 55. g7 {[%clk 0:22:01]} Rc8 {[%clk
0:20:47]} 56. Rg5 {[%clk 0:22:18]} Rc4 {[%clk 0:20:31]} 57. g8Q {[%clk 0:22:28]}
Ka5 {[%clk 0:20:57]} 58. Qa8+ {[%clk 0:21:45]} 1-0

[Event "9th Vellmar Chess Days"]
[Site "chess24.com"]
[Date "2017.07.14"]
[Round "2"]
[White "Reichenbaecher, Thomas"]
[Black "Heinelt, Manfred"]
[Result "1-0"]
[Board "12"]
[WhiteElo "1975"]
[WhiteCountry "GER"]
[WhiteFideId "4643402"]
[WhiteEloChange "15"]
[BlackElo "2153"]
[BlackCountry "GER"]
[BlackFideId "4656695"]
[BlackEloChange "-15"]

1. d4 {[%clk 1:30:58]} Nf6 {[%clk 1:30:50]} 2. c4 {[%clk 1:31:22]} c5 {[%clk
1:31:11]} 3. d5 {[%clk 1:31:46]} e6 {[%clk 1:31:32]} 4. Nc3 {[%clk 1:31:56]} exd5
{[%clk 1:31:48]} 5. cxd5 {[%clk 1:32:15]} d6 {[%clk 1:32:10]} 6. g3 {[%clk
1:32:12]} g6 {[%clk 1:32:29]} 7. Bg2 {[%clk 1:30:58]} Bg7 {[%clk 1:32:42]} 8. Nf3
{[%clk 1:30:38]} O-O {[%clk 1:31:01]} 9. O-O {[%clk 1:31:02]} a6 {[%clk 1:31:05]}
10. Ng5 {[%clk 1:21:59]} h6 {[%clk 1:26:15]} 11. Nge4 {[%clk 1:21:29]} b5 {[%clk
1:26:23]} 12. Nxf6+ {[%clk 1:20:57]} Qxf6 {[%clk 1:26:43]} 13. Ne4 {[%clk
1:21:11]} Qe7 {[%clk 1:26:00]} 14. a4 {[%clk 1:09:05]} b4 {[%clk 1:19:33]} 15. a5
{[%clk 1:08:16]} Bb7 {[%clk 1:14:42]} 16. Nd2 {[%clk 1:07:04]} Nd7 {[%clk
1:14:30]} 17. Nc4 {[%clk 1:07:20]} Ne5 {[%clk 1:11:12]} 18. Nb6 {[%clk 1:06:54]}
Rae8 {[%clk 1:10:57]} 19. e4 {[%clk 1:05:11]} f5 {[%clk 0:59:55]} 20. exf5 {[%clk
1:00:02]} gxf5 {[%clk 0:59:04]} 21. Bf4 {[%clk 0:57:47]} Ng6 {[%clk 0:59:08]} 22.
Qd2 {[%clk 0:55:49]} Nxf4 {[%clk 0:56:46]} 23. Qxf4 {[%clk 0:55:23]} Qe5 {[%clk
0:55:38]} 24. Nc4 {[%clk 0:53:31]} Qxf4 {[%clk 0:49:38]} 25. gxf4 {[%clk
0:53:42]} Rf6 {[%clk 0:49:07]} 26. Bf3 {[%clk 0:49:26]} Re7 {[%clk 0:36:18]} 27.
Rfe1 {[%clk 0:47:44]} Bf8 {[%clk 0:25:33]} 28. Rxe7 {[%clk 0:46:22]} Bxe7 {[%clk
0:25:54]} 29. Re1 {[%clk 0:45:39]} Kf8 {[%clk 0:25:17]} 30. Kf1 {[%clk 0:42:08]}
h5 {[%clk 0:23:18]} 31. Nb6 {[%clk 0:42:07]} Rh6 {[%clk 0:23:19]} 32. Ke2 {[%clk
0:40:20]} Ke8 {[%clk 0:16:04]} 33. Rg1 {[%clk 0:38:06]} Kf7 {[%clk 0:16:25]} 34.
Nc4 {[%clk 0:38:29]} Bd8 {[%clk 0:14:41]} 35. Kd3 {[%clk 0:37:50]} Be7 {[%clk
0:14:44]} 36. Rg5 {[%clk 0:30:07]} h4 {[%clk 0:04:38]} 37. Rxf5+ {[%clk 0:22:24]}
Rf6 {[%clk 0:04:49]} 38. Ke4 {[%clk 0:08:57]} Rxf5 {[%clk 0:03:59]} 39. Kxf5
{[%clk 0:09:19]} Bc8+ {[%clk 0:04:14]} 40. Ke4 {[%clk 0:09:42]} Kf6 {[%clk
0:04:33]} 41. Bd1 {[%clk 0:09:11]} Bd7 {[%clk 0:00:36]} 42. Nb6 {[%clk 0:04:38]}
Bb5 {[%clk 0:30:05]} 43. Ba4 {[%clk 0:31:32]} Bf1 {[%clk 0:27:43]} 44. Bb3 {[%clk
0:25:21]} Kf7 {[%clk 0:16:53]} 45. Bc4 {[%clk 0:23:42]} Bxc4 {[%clk 0:15:55]} 46.
Nxc4 {[%clk 0:24:04]} Kg6 {[%clk 0:15:26]} 47. h3 {[%clk 0:24:14]} Bf8 {[%clk
0:14:07]} 48. b3 {[%clk 0:22:57]} Be7 {[%clk 0:14:29]} 49. f3 {[%clk 0:21:37]}
Bf8 {[%clk 0:14:44]} 50. Nb6 {[%clk 0:21:22]} Be7 {[%clk 0:14:51]} 51. f5+ {[%clk
0:20:34]} Kg5 {[%clk 0:14:49]} 52. f4+ {[%clk 0:20:50]} Kh6 {[%clk 0:14:32]} 53.
Nc4 {[%clk 0:20:13]} Bf8 {[%clk 0:13:54]} 54. Ne3 {[%clk 0:19:29]} Be7 {[%clk
0:13:15]} 55. f6 {[%clk 0:19:37]} Bd8 {[%clk 0:12:49]} 56. Kf5 {[%clk 0:19:33]}
1-0

[Event "9th Vellmar Chess Days"]
[Site "chess24.com"]
[Date "2017.07.14"]
[Round "2"]
[White "Neukirchner, Pascal"]
[Black "Englert, Jon"]
[Result "1-0"]
[Board "13"]
[WhiteElo "2150"]
[WhiteCountry "GER"]
[WhiteFideId "12997927"]
[WhiteEloChange "4"]
[BlackElo "1904"]
[BlackCountry "GER"]
[BlackFideId "12992275"]
[BlackEloChange "-4"]

1. d4 {[%clk 1:30:57]} d5 {[%clk 1:30:55]} 2. c4 {[%clk 1:31:17]} e6 {[%clk
1:31:20]} 3. Nc3 {[%clk 1:30:58]} c6 {[%clk 1:31:08]} 4. Nf3 {[%clk 1:24:27]} f5
{[%clk 1:27:11]} 5. Bf4 {[%clk 1:23:30]} Nf6 {[%clk 1:26:13]} 6. e3 {[%clk
1:23:32]} Be7 {[%clk 1:20:42]} 7. Qc2 {[%clk 1:15:04]} O-O {[%clk 1:18:21]} 8.
Bd3 {[%clk 1:15:31]} Ne4 {[%clk 1:16:43]} 9. g4 {[%clk 1:12:46]} Na6 {[%clk
1:05:38]} 10. a3 {[%clk 1:07:13]} Nc7 {[%clk 0:50:47]} 11. Rg1 {[%clk 0:46:37]}
Bd6 {[%clk 0:43:31]} 12. Ne5 {[%clk 0:39:48]} Kh8 {[%clk 0:35:13]} 13. g5 {[%clk
0:36:06]} g6 {[%clk 0:31:34]} 14. h4 {[%clk 0:33:24]} Nxc3 {[%clk 0:30:17]} 15.
bxc3 {[%clk 0:33:27]} c5 {[%clk 0:24:19]} 16. h5 {[%clk 0:33:13]} Kg7 {[%clk
0:22:37]} 17. f3 {[%clk 0:31:03]} dxc4 {[%clk 0:17:43]} 18. Bxc4 {[%clk 0:30:30]}
b5 {[%clk 0:17:46]} 19. Ba2 {[%clk 0:30:31]} c4 {[%clk 0:17:30]} 20. Qh2 {[%clk
0:30:51]} Rh8 {[%clk 0:15:46]} 21. Rh1 {[%clk 0:31:17]} Bb7 {[%clk 0:15:41]} 22.
Nxg6 {[%clk 0:29:24]} hxg6 {[%clk 0:14:07]} 23. Bxd6 {[%clk 0:28:56]} Rxh5 {[%clk
0:12:49]} 24. Qe5+ {[%clk 0:29:24]} Kf7 {[%clk 0:12:20]} 25. Rxh5 {[%clk
0:29:48]} gxh5 {[%clk 0:12:42]} 26. g6+ {[%clk 0:29:35]} Kg8 {[%clk 0:08:47]} 27.
Bxc7 {[%clk 0:29:47]} Qh4+ {[%clk 0:08:39]} 28. Ke2 {[%clk 0:30:12]} Bxf3+ {[%clk
0:08:14]} 29. Kxf3 {[%clk 0:30:35]} Qg4+ {[%clk 0:08:26]} 30. Kf2 {[%clk
0:31:00]} f4 {[%clk 0:08:35]} 31. exf4 {[%clk 0:28:29]} Qh4+ {[%clk 0:08:13]} 32.
Ke2 {[%clk 0:28:44]} Qh2+ {[%clk 0:06:39]} 33. Kd1 {[%clk 0:29:07]} Qh1+ {[%clk
0:05:14]} 34. Qe1 {[%clk 0:29:35]} Qf3+ {[%clk 0:05:30]} 35. Kc1 {[%clk 0:29:59]}
Re8 {[%clk 0:04:48]} 36. Bb1 {[%clk 0:30:18]} h4 {[%clk 0:04:24]} 37. Ra2 {[%clk
0:30:03]} h3 {[%clk 0:03:55]} 38. f5 {[%clk 0:30:46]} e5 {[%clk 0:01:44]} 39. Rf2
{[%clk 0:31:06]} 1-0

[Event "9th Vellmar Chess Days"]
[Site "chess24.com"]
[Date "2017.07.14"]
[Round "2"]
[White "Schlachowitsch, Markus"]
[Black "Oppitz, Peter"]
[Result "0-1"]
[Board "14"]
[WhiteElo "1964"]
[WhiteCountry "GER"]
[WhiteFideId "4655583"]
[WhiteEloChange "-5"]
[BlackElo "2136"]
[BlackTitle "CM"]
[BlackCountry "GER"]
[BlackFideId "4605500"]
[BlackEloChange "5"]

1. Nf3 {[%clk 1:21:21]} Nf6 {[%clk 1:30:35]} 2. b3 {[%clk 1:21:46]} d5 {[%clk
1:29:09]} 3. Bb2 {[%clk 1:22:10]} e6 {[%clk 1:27:29]} 4. e3 {[%clk 1:21:42]} Bd6
{[%clk 1:27:22]} 5. g4 {[%clk 1:21:57]} h6 {[%clk 1:18:36]} 6. h3 {[%clk
1:22:12]} Nbd7 {[%clk 1:14:28]} 7. d3 {[%clk 1:22:11]} c6 {[%clk 1:12:30]} 8.
Nbd2 {[%clk 1:22:27]} Qe7 {[%clk 1:03:57]} 9. a3 {[%clk 1:22:45]} e5 {[%clk
0:56:03]} 10. Bg2 {[%clk 1:22:23]} O-O {[%clk 0:50:32]} 11. Qe2 {[%clk 1:22:12]}
Re8 {[%clk 0:47:28]} 12. Nh4 {[%clk 1:22:02]} Nc5 {[%clk 0:45:26]} 13. Nf5 {[%clk
1:21:48]} Bxf5 {[%clk 0:43:55]} 14. gxf5 {[%clk 1:22:13]} e4 {[%clk 0:42:29]} 15.
d4 {[%clk 1:22:16]} Na6 {[%clk 0:42:07]} 16. h4 {[%clk 1:22:10]} Nc7 {[%clk
0:39:54]} 17. c4 {[%clk 1:22:24]} b6 {[%clk 0:35:19]} 18. b4 {[%clk 1:21:22]} c5
{[%clk 0:33:37]} 19. b5 {[%clk 1:20:01]} Rac8 {[%clk 0:29:22]} 20. dxc5 {[%clk
1:18:35]} Bxc5 {[%clk 0:29:23]} 21. cxd5 {[%clk 1:18:16]} Ncxd5 {[%clk 0:29:11]}
22. Nc4 {[%clk 1:17:37]} Rcd8 {[%clk 0:24:53]} 23. Bh3 {[%clk 1:17:12]} Qc7
{[%clk 0:23:36]} 24. Rg1 {[%clk 1:15:05]} Bf8 {[%clk 0:15:25]} 25. Rg3 {[%clk
1:15:01]} Qc5 {[%clk 0:14:53]} 26. Rd1 {[%clk 1:10:55]} Kh7 {[%clk 0:11:54]} 27.
Rc1 {[%clk 1:08:36]} Qxb5 {[%clk 0:11:58]} 28. Ne5 {[%clk 1:08:54]} Qxe2+ {[%clk
0:09:06]} 29. Kxe2 {[%clk 1:09:18]} Kg8 {[%clk 0:08:08]} 30. Nc6 {[%clk 1:07:57]}
Rd7 {[%clk 0:08:19]} 31. Rd1 {[%clk 1:07:09]} Rc7 {[%clk 0:07:56]} 32. Bxf6
{[%clk 0:58:28]} Nxf6 {[%clk 0:08:15]} 33. Nd4 {[%clk 0:58:51]} Bxa3 {[%clk
0:06:31]} 34. Nb5 {[%clk 0:58:03]} Rc2+ {[%clk 0:06:41]} 35. Kf1 {[%clk 0:58:29]}
Bc5 {[%clk 0:05:06]} 36. Nxa7 {[%clk 0:57:34]} Ra8 {[%clk 0:04:35]} 37. Nb5
{[%clk 0:57:20]} Raa2 {[%clk 0:04:27]} 38. Rg2 {[%clk 0:56:12]} Rab2 {[%clk
0:04:24]} 39. Nc7 {[%clk 0:55:04]} Bd6 {[%clk 0:03:02]} 40. Na6 {[%clk 0:53:17]}
Rd2 {[%clk 0:01:14]} 41. Rxd2 {[%clk 0:53:28]} Rxd2 {[%clk 0:01:41]} 42. f3
{[%clk 0:53:31]} Rd1+ {[%clk 0:01:46]} 43. Ke2 {[%clk 0:53:51]} Ra1 {[%clk
0:02:08]} 44. fxe4 {[%clk 0:54:04]} Rxa6 {[%clk 0:02:01]} 45. Kf3 {[%clk
0:54:08]} Ra3 {[%clk 0:30:52]} 46. Rb2 {[%clk 1:24:39]} Bc5 {[%clk 0:30:58]} 47.
Re2 {[%clk 1:25:04]} b5 {[%clk 0:29:57]} 48. Kf4 {[%clk 1:25:22]} b4 {[%clk
0:29:40]} 49. Bg2 {[%clk 1:25:38]} b3 {[%clk 0:25:00]} 50. e5 {[%clk 1:25:59]}
Ra2 {[%clk 0:25:10]} 51. Bf3 {[%clk 1:24:24]} b2 {[%clk 0:23:18]} 0-1

[Event "9th Vellmar Chess Days"]
[Site "chess24.com"]
[Date "2017.07.14"]
[Round "2"]
[White "Kobs, Stephan"]
[Black "Weber, Samuel"]
[Result "0-1"]
[Board "15"]
[WhiteElo "1938"]
[WhiteCountry "GER"]
[WhiteFideId "4684656"]
[WhiteEloChange "-5"]
[BlackElo "2123"]
[BlackCountry "GER"]
[BlackFideId "12924008"]
[BlackEloChange "5"]

1. e4 {[%clk 1:30:29]} e5 {[%clk 1:30:56]} 2. Nf3 {[%clk 1:30:35]} Nc6 {[%clk
1:31:20]} 3. Bb5 {[%clk 1:30:40]} a6 {[%clk 1:30:11]} 4. Ba4 {[%clk 1:30:38]} Nf6
{[%clk 1:30:34]} 5. d4 {[%clk 1:30:18]} exd4 {[%clk 1:29:43]} 6. O-O {[%clk
1:30:32]} Be7 {[%clk 1:29:06]} 7. Re1 {[%clk 1:30:37]} b5 {[%clk 1:28:44]} 8. e5
{[%clk 1:29:33]} Nxe5 {[%clk 1:27:35]} 9. Nxe5 {[%clk 1:28:04]} bxa4 {[%clk
1:28:00]} 10. Qxd4 {[%clk 1:28:02]} Rb8 {[%clk 1:24:36]} 11. Bg5 {[%clk 1:24:59]}
O-O {[%clk 1:21:05]} 12. Nc3 {[%clk 1:22:02]} h6 {[%clk 1:05:19]} 13. Bc1 {[%clk
1:13:27]} Rb4 {[%clk 0:54:22]} 14. Qd3 {[%clk 1:10:07]} Bb7 {[%clk 0:51:22]} 15.
a3 {[%clk 1:07:29]} Rb6 {[%clk 0:51:40]} 16. Nxa4 {[%clk 1:04:09]} Re6 {[%clk
0:48:50]} 17. Bf4 {[%clk 0:45:55]} Bd6 {[%clk 0:46:24]} 18. Qb3 {[%clk 0:35:55]}
Qa8 {[%clk 0:43:58]} 19. Nd3 {[%clk 0:04:01]} Bxg2 {[%clk 0:37:09]} 20. Rxe6
{[%clk 0:03:59]} Bh3 {[%clk 0:32:01]} 21. Ne1 {[%clk 0:01:53]} Bxe6 {[%clk
0:32:30]} 0-1

[Event "9th Vellmar Chess Days"]
[Site "chess24.com"]
[Date "2017.07.14"]
[Round "2"]
[White "Henkemeier, Michael"]
[Black "Rueberg, Jobst"]
[Result "0-1"]
[Board "16"]
[WhiteElo "1879"]
[WhiteCountry "GER"]
[WhiteFideId "24611379"]
[WhiteEloChange "-4"]
[BlackElo "2107"]
[BlackTitle "FM"]
[BlackCountry "GER"]
[BlackFideId "4677501"]
[BlackEloChange "4"]

1. d4 {[%clk 1:30:58]} Nf6 {[%clk 1:30:45]} 2. Nf3 {[%clk 1:31:18]} e6 {[%clk
1:29:29]} 3. c4 {[%clk 1:29:40]} b6 {[%clk 1:29:00]} 4. e3 {[%clk 1:28:39]} Bb7
{[%clk 1:28:44]} 5. Be2 {[%clk 1:28:55]} Bb4+ {[%clk 1:27:30]} 6. Bd2 {[%clk
1:28:48]} a5 {[%clk 1:26:36]} 7. O-O {[%clk 1:22:17]} O-O {[%clk 1:25:34]} 8.
Bxb4 {[%clk 1:15:33]} axb4 {[%clk 1:25:56]} 9. c5 {[%clk 1:13:09]} bxc5 {[%clk
1:21:27]} 10. dxc5 {[%clk 1:13:12]} Qe7 {[%clk 1:16:29]} 11. Qc2 {[%clk 1:05:49]}
Ra5 {[%clk 1:02:18]} 12. Rc1 {[%clk 0:58:45]} Be4 {[%clk 0:59:04]} 13. Qc4 {[%clk
0:54:26]} Na6 {[%clk 0:50:30]} 14. Nbd2 {[%clk 0:53:13]} Bd5 {[%clk 0:48:23]} 15.
Qd4 {[%clk 0:50:33]} Bxf3 {[%clk 0:31:40]} 16. Nxf3 {[%clk 0:41:33]} Rb8 {[%clk
0:29:21]} 17. Bxa6 {[%clk 0:29:30]} Rxa6 {[%clk 0:29:42]} 18. Rc4 {[%clk
0:28:58]} b3 {[%clk 0:14:18]} 19. a3 {[%clk 0:28:22]} Ra5 {[%clk 0:14:01]} 20.
Rac1 {[%clk 0:26:25]} h6 {[%clk 0:14:06]} 21. h3 {[%clk 0:26:45]} Nd5 {[%clk
0:10:56]} 22. Ra4 {[%clk 0:20:48]} Rab5 {[%clk 0:10:34]} 23. Ra7 {[%clk 0:20:59]}
R8b7 {[%clk 0:08:42]} 24. Rxb7 {[%clk 0:20:12]} Rxb7 {[%clk 0:09:10]} 25. Rc4
{[%clk 0:19:48]} Rb5 {[%clk 0:08:33]} 26. Nd2 {[%clk 0:17:00]} Nf6 {[%clk
0:08:41]} 27. a4 {[%clk 0:16:11]} e5 {[%clk 0:05:42]} 28. Qc3 {[%clk 0:09:10]}
Nd5 {[%clk 0:05:51]} 29. Qc1 {[%clk 0:07:38]} Rb8 {[%clk 0:06:05]} 30. a5 {[%clk
0:07:46]} Qe6 {[%clk 0:06:16]} 31. c6 {[%clk 0:07:21]} d6 {[%clk 0:05:22]} 32. a6
{[%clk 0:05:50]} Ra8 {[%clk 0:05:29]} 33. Ra4 {[%clk 0:05:07]} Nb6 {[%clk
0:05:02]} 34. Ra3 {[%clk 0:05:26]} Qd5 {[%clk 0:04:33]} 35. Nxb3 {[%clk 0:04:03]}
Qb5 {[%clk 0:04:20]} 36. a7 {[%clk 0:02:52]} Nc4 {[%clk 0:04:37]} 37. Nd2 {[%clk
0:00:41]} Nxa3 {[%clk 0:04:48]} 38. bxa3 {[%clk 0:01:10]} Rxa7 {[%clk 0:04:36]}
39. Ne4 {[%clk 0:01:27]} Ra6 {[%clk 0:03:44]} 40. Nxd6 {[%clk 0:00:51]} Qxc6
{[%clk 0:03:30]} 41. Qxc6 {[%clk 0:00:40]} Rxc6 {[%clk 0:03:53]} 42. Nb5 {[%clk
0:00:58]} Rc1+ {[%clk 0:03:28]} 43. Kh2 {[%clk 0:01:18]} Kf8 {[%clk 0:01:18]} 0-1

[Event "9th Vellmar Chess Days"]
[Site "chess24.com"]
[Date "2017.07.14"]
[Round "2"]
[White "Wolf, Philipp"]
[Black "Kuhn, Norbert"]
[Result "0-1"]
[Board "17"]
[WhiteElo "1865"]
[WhiteCountry "GER"]
[WhiteFideId "12958948"]
[WhiteEloChange "-4"]
[BlackElo "2094"]
[BlackCountry "GER"]
[BlackFideId "4644697"]
[BlackEloChange "4"]

1. e4 {[%clk 1:28:36]} e6 {[%clk 1:30:22]} 2. d4 {[%clk 1:28:46]} d5 {[%clk
1:30:47]} 3. Nd2 {[%clk 1:28:57]} c5 {[%clk 1:31:11]} 4. exd5 {[%clk 1:28:42]}
exd5 {[%clk 1:31:35]} 5. Ngf3 {[%clk 1:28:10]} Nc6 {[%clk 1:31:58]} 6. Bb5 {[%clk
1:27:15]} Bd6 {[%clk 1:32:21]} 7. dxc5 {[%clk 1:26:09]} Bxc5 {[%clk 1:32:37]} 8.
O-O {[%clk 1:25:55]} Ne7 {[%clk 1:33:01]} 9. Nb3 {[%clk 1:24:40]} Bb6 {[%clk
1:33:25]} 10. Re1 {[%clk 1:23:40]} O-O {[%clk 1:33:39]} 11. Be3 {[%clk 1:22:53]}
Bg4 {[%clk 1:30:05]} 12. Bxb6 {[%clk 1:19:39]} Qxb6 {[%clk 1:28:04]} 13. Bxc6
{[%clk 1:17:36]} Nxc6 {[%clk 1:28:13]} 14. Qxd5 {[%clk 1:16:46]} Nb4 {[%clk
1:28:12]} 15. Qe4 {[%clk 1:14:21]} Bxf3 {[%clk 1:26:43]} 16. gxf3 {[%clk
1:14:27]} Rad8 {[%clk 1:23:13]} 17. c3 {[%clk 0:52:31]} Nd5 {[%clk 1:22:12]} 18.
Rad1 {[%clk 0:37:57]} Nf6 {[%clk 1:21:21]} 19. Qc2 {[%clk 0:30:20]} a6 {[%clk
1:10:15]} 20. Nd4 {[%clk 0:10:39]} g6 {[%clk 1:07:35]} 21. b4 {[%clk 0:01:06]}
Nd5 {[%clk 1:02:30]} 22. a3 {[%clk 0:00:43]} Qf6 {[%clk 1:01:11]} 23. Kh1 {[%clk
0:00:36]} Rd7 {[%clk 0:57:38]} 24. c4 {[%clk 0:00:32]} Nf4 {[%clk 0:37:57]} 25.
Qe4 {[%clk 0:00:39]} Rfd8 {[%clk 0:37:35]} 26. Nf5 {[%clk 0:00:34]} Rxd1 {[%clk
0:35:41]} 27. Ne7+ {[%clk 0:00:32]} Kg7 {[%clk 0:35:47]} 28. Nd5 {[%clk 0:00:34]}
Rxe1+ {[%clk 0:35:50]} 29. Qxe1 {[%clk 0:00:55]} Nxd5 {[%clk 0:36:08]} 0-1

[Event "9th Vellmar Chess Days"]
[Site "chess24.com"]
[Date "2017.07.14"]
[Round "2"]
[White "Kroder, Johannes"]
[Black "Domroese, Michael"]
[Result "1-0"]
[Board "18"]
[WhiteElo "2075"]
[WhiteCountry "GER"]
[WhiteFideId "24692930"]
[WhiteEloChange "4"]
[BlackElo "1842"]
[BlackCountry "GER"]
[BlackFideId "24696145"]
[BlackEloChange "-4"]

1. e4 {[%clk 1:18:12]} d5 {[%clk 1:30:29]} 2. exd5 {[%clk 1:18:30]} Nf6 {[%clk
1:30:56]} 3. d4 {[%clk 1:17:50]} Bg4 {[%clk 1:30:22]} 4. Nf3 {[%clk 1:16:19]}
Qxd5 {[%clk 1:30:47]} 5. Be2 {[%clk 1:16:04]} e6 {[%clk 1:28:57]} 6. O-O {[%clk
1:11:29]} Nc6 {[%clk 1:29:16]} 7. c4 {[%clk 1:02:42]} Qf5 {[%clk 1:27:41]} 8. Be3
{[%clk 0:59:19]} Bd6 {[%clk 1:24:33]} 9. Nbd2 {[%clk 0:58:22]} Qh5 {[%clk
1:20:24]} 10. Re1 {[%clk 0:57:57]} O-O {[%clk 1:12:09]} 11. c5 {[%clk 0:53:13]}
Be7 {[%clk 1:12:32]} 12. b4 {[%clk 0:52:43]} Nxb4 {[%clk 1:09:12]} 13. Rb1 {[%clk
0:53:09]} Nbd5 {[%clk 1:09:35]} 14. Rxb7 {[%clk 0:53:30]} Nc3 {[%clk 1:06:09]}
15. Qb3 {[%clk 0:53:34]} Nxe2+ {[%clk 1:06:32]} 16. Rxe2 {[%clk 0:54:01]} Nd5
{[%clk 1:06:07]} 17. Re1 {[%clk 0:53:49]} Qg6 {[%clk 0:59:40]} 18. Ne5 {[%clk
0:53:42]} Qf5 {[%clk 0:58:40]} 19. h3 {[%clk 0:43:05]} Bxh3 {[%clk 0:58:17]} 20.
gxh3 {[%clk 0:43:31]} Qxh3 {[%clk 0:58:03]} 21. Nf1 {[%clk 0:42:54]} Bh4 {[%clk
0:55:49]} 22. Bd2 {[%clk 0:41:24]} Qf5 {[%clk 0:52:10]} 23. Qf3 {[%clk 0:39:20]}
Qc2 {[%clk 0:51:56]} 24. Qe4 {[%clk 0:37:50]} Qxe4 {[%clk 0:49:22]} 25. Rxe4
{[%clk 0:38:20]} Bf6 {[%clk 0:49:38]} 26. Ne3 {[%clk 0:36:26]} Rfb8 {[%clk
0:48:23]} 27. Rxb8+ {[%clk 0:32:58]} Rxb8 {[%clk 0:48:51]} 28. Nxd5 {[%clk
0:33:19]} exd5 {[%clk 0:48:43]} 29. Re1 {[%clk 0:32:48]} Rb2 {[%clk 0:41:13]} 30.
Nd7 {[%clk 0:31:57]} h6 {[%clk 0:41:28]} 31. Nxf6+ {[%clk 0:30:05]} gxf6 {[%clk
0:41:55]} 32. Bxh6 {[%clk 0:29:43]} Rxa2 {[%clk 0:42:17]} 33. Bf4 {[%clk
0:30:05]} Ra4 {[%clk 0:38:55]} 34. Bxc7 {[%clk 0:29:05]} Rxd4 {[%clk 0:39:23]}
35. Rc1 {[%clk 0:24:57]} Kf8 {[%clk 0:38:44]} 36. Bb8 {[%clk 0:21:17]} Ke8 {[%clk
0:37:57]} 37. Bxa7 {[%clk 0:20:55]} Kd7 {[%clk 0:37:45]} 38. c6+ {[%clk 0:21:12]}
1-0

[Event "9th Vellmar Chess Days"]
[Site "chess24.com"]
[Date "2017.07.14"]
[Round "2"]
[White "Koronowski, Heinz-Juergen"]
[Black "von Zimmermann, Georg"]
[Result "0-1"]
[Board "19"]
[WhiteElo "1753"]
[WhiteCountry "GER"]
[WhiteFideId "12943762"]
[WhiteEloChange "-3"]
[BlackElo "2072"]
[BlackCountry "GER"]
[BlackFideId "4663284"]
[BlackEloChange "3"]

1. e4 {[%clk 1:31:00]} c5 {[%clk 1:22:00]} 2. Nc3 {[%clk 1:31:20]} Nc6 {[%clk
1:22:15]} 3. f4 {[%clk 1:31:39]} g6 {[%clk 1:22:34]} 4. Nf3 {[%clk 1:32:02]} Bg7
{[%clk 1:22:51]} 5. Bb5 {[%clk 1:32:13]} Nd4 {[%clk 1:23:13]} 6. O-O {[%clk
1:32:37]} Nxb5 {[%clk 1:22:27]} 7. Nxb5 {[%clk 1:32:58]} d5 {[%clk 1:22:14]} 8.
e5 {[%clk 1:32:36]} Nh6 {[%clk 1:01:46]} 9. Qe1 {[%clk 1:27:27]} O-O {[%clk
0:51:51]} 10. d3 {[%clk 1:24:06]} a6 {[%clk 0:43:57]} 11. Nc3 {[%clk 1:23:09]} b5
{[%clk 0:42:42]} 12. Nd1 {[%clk 1:08:33]} Qb6 {[%clk 0:36:53]} 13. Kh1 {[%clk
1:04:51]} f6 {[%clk 0:33:38]} 14. Ne3 {[%clk 0:56:27]} Bb7 {[%clk 0:30:43]} 15.
Bd2 {[%clk 0:44:50]} d4 {[%clk 0:27:57]} 16. Nd1 {[%clk 0:43:29]} Qc6 {[%clk
0:26:50]} 17. c3 {[%clk 0:30:50]} fxe5 {[%clk 0:25:31]} 18. cxd4 {[%clk 0:29:59]}
exd4 {[%clk 0:24:27]} 19. Nf2 {[%clk 0:25:18]} e5 {[%clk 0:24:07]} 20. Ne4 {[%clk
0:24:00]} exf4 {[%clk 0:23:40]} 21. Qc1 {[%clk 0:22:25]} c4 {[%clk 0:22:54]} 22.
Bxf4 {[%clk 0:20:17]} Ng4 {[%clk 0:20:19]} 23. h3 {[%clk 0:15:22]} Ne3 {[%clk
0:18:10]} 24. Bxe3 {[%clk 0:14:11]} dxe3 {[%clk 0:18:10]} 25. Qxe3 {[%clk
0:12:19]} Bxb2 {[%clk 0:17:04]} 26. Rab1 {[%clk 0:11:19]} Bg7 {[%clk 0:16:40]}
27. Nc5 {[%clk 0:10:05]} Rae8 {[%clk 0:16:34]} 28. Qg1 {[%clk 0:08:32]} cxd3
{[%clk 0:12:47]} 29. Nxd3 {[%clk 0:08:37]} Qc4 {[%clk 0:10:27]} 0-1